Gedichte. (Record no. 6569)
[ view plain ]
| 000 -LEADER | |
|---|---|
| fixed length control field | 00578cam a22002051 4500 |
| 001 - CONTROL NUMBER | |
| control field | af 49000321 |
| 003 - CONTROL NUMBER IDENTIFIER | |
| control field | DLC |
| 005 - DATE AND TIME OF LATEST TRANSACTION | |
| control field | 20260227110914.0 |
| 008 - FIXED-LENGTH DATA ELEMENTS--GENERAL INFORMATION | |
| fixed length control field | 880415s1946 gw 000 0 ger c |
| 010 ## - LIBRARY OF CONGRESS CONTROL NUMBER | |
| LC control number | af 49000321 |
| 035 ## - SYSTEM CONTROL NUMBER | |
| System control number | (OCoLC)17799434 |
| 040 ## - CATALOGING SOURCE | |
| Original cataloging agency | Yale Univ. Library |
| Transcribing agency | MnMohC |
| Modifying agency | DLC |
| 042 ## - AUTHENTICATION CODE | |
| Authentication code | premarc |
| 050 00 - LIBRARY OF CONGRESS CALL NUMBER | |
| Classification number | PT2466.A4 |
| Item number | M5 |
| 100 1# - MAIN ENTRY--PERSONAL NAME | |
| Personal name | Schiller, Friedrich, |
| Dates associated with a name | 1759-1805. |
| 245 10 - TITLE STATEMENT | |
| Title | Gedichte. |
| Statement of responsibility, etc. | [Auswahl von Hermann Missenharter] |
| 260 ## - PUBLICATION, DISTRIBUTION, ETC. | |
| Place of publication, distribution, etc. | Stuttgart, |
| Name of publisher, distributor, etc. | Cotta |
| Date of publication, distribution, etc. | [1946] |
| 300 ## - PHYSICAL DESCRIPTION | |
| Extent | 97 p. |
| Dimensions | 19 cm. |
| 700 1# - ADDED ENTRY--PERSONAL NAME | |
| Personal name | Missenharter, Hermann, |
| Dates associated with a name | 1886-1962, |
| Relator term | ed. |
No items available.